LIBRARY & INFORMATION CENTRE, KCAET, TAVANUR

ONLINE PUBLIC ACCESS CATALOGUE (OPAC)

Principles of economic planning / (Record no. 2136)

MARC details
000 -LEADER
fixed length control field 00497cam a2200205ua 4500
041 ## - LANGUAGE CODE
Language code of text/sound track or separate title eng
082 ## - DEWEY DECIMAL CLASSIFICATION NUMBER
Classification number 338.9
Item number LEW/PR
100 ## - MAIN ENTRY--AUTHOR NAME
Personal name Lewis, Arthur.W .
245 ## - TITLE STATEMENT
Title Principles of economic planning /
250 ## - EDITION STATEMENT
Edition statement 1 /
260 ## - PUBLICATION, DISTRIBUTION, ETC. (IMPRINT)
Place of publication London :
Name of publisher Unwin university books ,
Year of publication 1965.
300 ## - PHYSICAL DESCRIPTION
Number of Pages 128 ; .
942 ## - ADDED ENTRY ELEMENTS (KOHA)
Koha item type Books
Holdings
Withdrawn status Lost status Damaged status Home library Current library Date acquired Full call number Accession Number Koha item type
Withdrawn     KAUAET Sanskrit University 07/04/2012 338.9 9748 Books
Withdrawn     KAUAET Sanskrit University 07/04/2012 338.9 9750 Books
Withdrawn     KAUAET Sanskrit University 07/04/2012 338.9 9749 Books
free website counter